Methods for evaluating biological nitrogen fixation / (Record no. 134446)
[ view plain ]
| 000 -LEADER | |
|---|---|
| fixed length control field | 00965cam6a220028900 4500 |
| 001 - CONTROL NUMBER | |
| control field | lce01094040 |
| 008 - FIXED-LENGTH DATA ELEMENTS--GENERAL INFORMATION | |
| fixed length control field | 800327s1980 enka b 001 0 eng |
| 010 ## - LIBRARY OF CONGRESS CONTROL NUMBER | |
| LC control number | 79041785 //r89 |
| 015 ## - NATIONAL BIBLIOGRAPHY NUMBER | |
| National bibliography number | GB80 |
| 020 ## - INTERNATIONAL STANDARD BOOK NUMBER | |
| Terms of availability | L.35.00 |
| 035 ## - SYSTEM CONTROL NUMBER | |
| System control number | (Sirsi) r94955 |
| 035 ## - SYSTEM CONTROL NUMBER | |
| System control number | (DLC) 79041785 //r89 |
| 035 ## - SYSTEM CONTROL NUMBER | |
| System control number | (UPRA)lce01094040 |
| 040 ## - CATALOGING SOURCE | |
| Modifying agency | UPRA |
| 050 0# - LIBRARY OF CONGRESS CALL NUMBER | |
| Classification number | QR89.7 |
| Item number | .M47 |
| 082 ## - DEWEY DECIMAL CLASSIFICATION NUMBER | |
| Classification number | 589 |
| 245 00 - TITLE STATEMENT | |
| Title | Methods for evaluating biological nitrogen fixation / |
| Statement of responsibility, etc. | edited by F.J. Bergersen. |
| 260 ## - PUBLICATION, DISTRIBUTION, ETC. | |
| Place of publication, distribution, etc. | Chichester [England] ; New York : |
| -- | Chichester [England] ; New York : |
| Name of publisher, distributor, etc. | J. Wiley, |
| Date of publication, distribution, etc. | c1980. |
| 500 ## - GENERAL NOTE | |
| General note | "A Wiley-Interscience publication." |
| 500 ## - GENERAL NOTE | |
| General note | Includes indexes. |
| 504 ## - BIBLIOGRAPHY, ETC. NOTE | |
| Bibliography, etc. note | Bibliography: p. 637-680. |
| 650 #0 - SUBJECT ADDED ENTRY--TOPICAL TERM | |
| Topical term or geographic name entry element | Nitrogen -- Fixation. |
| General subdivision | Nitrogen -- Fixation. |
| Linkage | S11184.1 |
| 650 #0 - SUBJECT ADDED ENTRY--TOPICAL TERM | |
| Topical term or geographic name entry element | Nitrogen-fixing microorganisms. |
| Linkage | S41760.1 |
| 700 1# - ADDED ENTRY--PERSONAL NAME | |
| Personal name | Bergersen, F. J. |
| Linkage | A53591.1 |
| 949 ## - LOCAL PROCESSING INFORMATION (OCLC) | |
| a | QR89.7 |
| w | lcc |
| i | -134063 |
| m | MAIN |
| t | BOOK |
| l | ON-SHELF |
No items available.